Which Category is it (Minecraft) - Statistics

General Stats
  • This quiz has been taken 124 times
    90 since last reset
  • The average score is 28 of 35
Answer Stats
Hint Answer % Correct
Zombie Hostile
92%
Sheep Passive
90%
Skeleton Hostile
87%
Bogged Hostile
85%
Endermite Hostile
85%
Sniffer Passive
85%
Mule Passive
85%
Chicken Passive
85%
Cow Passive
85%
Drowned Hostile
83%
Phantom Hostile
83%
Wolf Neutral
83%
Iron Golem Neutral
83%
Cod Passive
83%
Stray Hostile
82%
Breeze Hostile
82%
Warden Hostile
82%
Wither Hostile
82%
Squid Passive
82%
Horse Passive
82%
Pig Passive
82%
Cat Passive
82%
Piglin Brute Hostile
80%
Husk Hostile
78%
Bee Neutral
78%
Bat Passive
78%
Zombified Pigman Neutral
77%
Silverfish Hostile
75%
Axolotl Passive
75%
Enderman Neutral
72%
Camel Passive
70%
Llama Neutral
68%
Goat Neutral
62%
Spider Neutral
60%
Piglin Neutral
55%
No matching quizzes found
Score Distribution
Percent of People with Each Score
Percentile by Number Answered
Your Score History
You have not taken this quiz since the last reset